000
00315pab a2200133 454500
008
180718b1988 xxu||||| |||| 00| 0 eng d
245
_a
Ethnic Monorities in South Asia
260
_c
1988
300
_a
334-422
362
_a
Oct.-Dec.
650
_a
Ethnicity - Asia, South
773
_a
Social Action
909
_a
7819
999
_c
7819
_d
7819